Statistics for pictures of words starting with q

Click here to take the quiz!

General Stats

  • This quiz has been taken 36 times
    (9 since last reset)
  • The average score is 12 of 24

Answer Stats

Answer% Correct
quarter
100%
queen
100%
Qatar
71%
quack
71%
quail
71%
quartz
71%
question
71%
quiche
71%
quill
71%
quiz
71%
quilt
57%
quarry
43%
queue
43%
quiver
43%
quokka
43%
quote
43%
Quran
43%
quadrilateral
29%
quark
29%
quince
29%
quad
14%
quasar
14%
quetzal
14%
quinoa
0%

Score Distribution

Percentile by Number Answered

Percent of People with Each Score

Your Score History

You have not taken this quiz since the last reset